00378nam a2200085Ia 4500008004100000245008800041260000900129300012200138650003200260180130s9999 xx 000 0 und d cMeiri, NoamaThe actor as eternal child: the role of play in the training of actors c2014 aBook title: Play : psychoanalytic perspectives, survival and human development--Acession number C18636; pages 197-209 aPLAY--PSYCHOLOGICAL ASPECTS